[Event "European Women's Chess Club Cup 2023"]
[Site "Durres, Albania"]
[Date "2023.10.05"]
[Round "5.20"]
[White "Paehtz, Elisabeth"]
[Black "Belluire, Beatrice"]
[Result "1-0"]
[TimeControl "90' + 30' & 30\""]
[WhiteElo "2484"]
[BlackElo "1999"]

1. e4 {[%clk 01:30:57]} {[%emt 00:00:02]} e5 {[%clk 01:30:53]} {[%emt
00:00:07]} 2. Nf3 {[%clk 01:31:23]} {[%emt 00:00:05]} Nc6 {[%clk 01:31:20]}
{[%emt 00:00:03]} 3. Bb5 {[%clk 01:31:45]} {[%emt 00:00:08]} a6 {[%clk
01:31:43]} {[%emt 00:00:07]} 4. Ba4 {[%clk 01:32:11]} {[%emt 00:00:04]} Nf6
{[%clk 01:32:10]} {[%emt 00:00:03]} 5. Nc3 {[%clk 01:32:38]} {[%emt 00:00:03]}
d6 {[%clk 01:31:10]} {[%emt 00:01:30]} 6. d4 {[%clk 01:30:47]} {[%emt
00:02:21]} b5 {[%clk 01:28:59]} {[%emt 00:02:41]} 7. dxe5 {[%clk 01:31:12]}
{[%emt 00:00:04]} dxe5 {[%clk 01:28:39]} {[%emt 00:00:51]} 8. Qxd8+ {[%clk
01:31:09]} {[%emt 00:00:32]} Nxd8 {[%clk 01:28:54]} {[%emt 00:00:16]} 9. Bb3
{[%clk 01:31:35]} {[%emt 00:00:04]} Bd6 {[%clk 01:29:02]} {[%emt 00:00:22]} 10.
Bg5 {[%clk 01:27:26]} {[%emt 00:04:39]} O-O {[%emt 00:10:23]} 11. O-O-O {[%clk
01:16:16]} {[%emt 00:03:06]} Bb7 {[%clk 01:17:01]} {[%emt 00:11:12]} 12. Bxf6
{[%clk 01:15:45]} {[%emt 00:01:01]} gxf6 {[%clk 01:17:26]} {[%emt 00:00:05]} 13.
Bd5 {[%clk 01:16:03]} {[%emt 00:00:12]} Rc8 {[%clk 01:10:19]} {[%emt 00:07:36]}
14. Bxb7 {[%clk 01:15:30]} {[%emt 00:01:04]} Nxb7 {[%clk 01:10:46]} {[%emt
00:00:03]} 15. Nd5 {[%clk 01:14:28]} {[%emt 00:01:31]} Kg7 {[%clk 01:11:00]}
{[%emt 00:00:16]} 16. Nh4 {[%emt 00:15:22]} Rfe8 {[%clk 00:53:50]} {[%emt
00:02:46]} 17. Nf5+ {[%clk 01:14:06]} {[%emt 00:00:55]} Kh8 {[%clk 00:51:08]}
{[%emt 00:03:12]} 18. Nxf6 {[%emt 00:00:25]} Re6 {[%clk 00:50:49]} {[%emt
00:00:39]} 19. Ng4 {[%clk 01:13:35]} {[%emt 00:01:16]} Kg8 {[%clk 00:40:28]}
{[%emt 00:10:51]} 20. Rd3 {[%clk 01:04:17]} {[%emt 00:09:48]} Kf8 {[%clk
00:39:14]} {[%emt 00:01:43]} 21. Rh3 {[%clk 01:04:14]} {[%emt 00:00:33]} Kg8
{[%clk 00:38:59]} {[%emt 00:00:46]} 22. Rd1 {[%clk 00:57:21]} {[%emt 00:07:23]}
Rd8 {[%clk 00:36:49]} {[%emt 00:02:40]} 23. Nfh6+ {[%clk 00:55:28]} {[%emt
00:02:23]} Kg7 {[%clk 00:35:54]} {[%emt 00:01:24]} 24. Nf5+ {[%clk 00:55:49]}
{[%emt 00:00:09]} Kg8 {[%clk 00:36:06]} {[%emt 00:00:18]} 25. Rdd3 {[%emt
00:06:23]} Rg6 {[%clk 00:33:22]} {[%emt 00:00:27]} 26. Rdg3 {[%clk 00:52:41]}
{[%emt 00:00:33]} Kh8 {[%clk 00:31:52]} {[%emt 00:02:00]} 27. Ngh6 {[%clk
00:51:19]} {[%emt 00:01:52]} Rxg3 {[%clk 00:31:06]} {[%emt 00:01:16]} 28. Rxg3
{[%clk 00:51:23]} {[%emt 00:00:26]} Rf8 {[%clk 00:31:04]} {[%emt 00:00:32]} 29.
Rg8+ {[%clk 00:51:44]} {[%emt 00:00:05]} 1-0

[Event "European Women's Chess Club Cup 2023"]
[Site "Durres, Albania"]
[Date "2023.10.05"]
[Round "5.21"]
[White "Atalik, Ekaterina"]
[Black "Doluhanova, Evgeniya"]
[Result "1-0"]
[TimeControl "90' + 30' & 30\""]
[WhiteElo "2394"]
[BlackElo "2230"]

1. c4 {[%clk 01:30:57]} {[%emt 00:00:02]} Nf6 {[%clk 01:30:37]} {[%emt
00:00:23]} 2. Nc3 {[%clk 01:31:16]} {[%emt 00:00:11]} e5 {[%clk 01:29:43]}
{[%emt 00:01:24]} 3. d3 {[%clk 01:30:38]} {[%emt 00:01:08]} d5 {[%clk
01:26:01]} {[%emt 00:04:12]} 4. cxd5 {[%clk 01:30:31]} {[%emt 00:00:37]} Nxd5
{[%clk 01:26:27]} {[%emt 00:00:04]} 5. e4 {[%clk 01:30:35]} {[%emt 00:00:26]}
Nb6 {[%clk 01:25:07]} {[%emt 00:01:50]} 6. Nf3 {[%clk 01:30:33]} {[%emt
00:00:32]} Nc6 {[%clk 01:25:25]} {[%emt 00:00:12]} 7. Be3 {[%clk 01:29:15]}
{[%emt 00:01:48]} Be7 {[%clk 01:25:37]} {[%emt 00:00:18]} 8. Be2 {[%clk
01:28:50]} {[%emt 00:00:55]} Be6 {[%clk 01:25:47]} {[%emt 00:00:19]} 9. O-O
{[%clk 01:28:46]} {[%emt 00:00:34]} O-O {[%clk 01:25:55]} {[%emt 00:00:22]} 10.
a3 {[%clk 01:22:57]} {[%emt 00:06:20]} Bf6 {[%clk 01:23:17]} {[%emt 00:03:08]}
11. Rc1 {[%clk 01:19:07]} {[%emt 00:04:20]} h6 {[%clk 01:20:36]} {[%emt
00:03:10]} 12. Na4 {[%clk 01:16:14]} {[%emt 00:03:24]} Nxa4 {[%clk 01:19:07]}
{[%emt 00:01:58]} 13. Qxa4 {[%clk 01:16:39]} {[%emt 00:00:05]} a6 {[%clk
01:18:05]} {[%emt 00:01:33]} 14. Qc2 {[%clk 01:12:45]} {[%emt 00:04:24]} Rc8
{[%clk 01:17:16]} {[%emt 00:01:19]} 15. b4 {[%clk 01:11:16]} {[%emt 00:01:59]}
Qd7 {[%clk 01:16:59]} {[%emt 00:00:47]} 16. h3 {[%clk 01:11:20]} {[%emt
00:00:25]} Rfd8 {[%clk 01:15:00]} {[%emt 00:02:30]} 17. Qb2 {[%clk 01:07:38]}
{[%emt 00:04:12]} Nd4 {[%clk 01:07:44]} {[%emt 00:07:46]} 18. Bxd4 {[%clk
01:07:00]} {[%emt 00:01:08]} exd4 {[%clk 01:08:09]} {[%emt 00:00:04]} 19. Nh2
{[%clk 01:03:48]} {[%emt 00:03:43]} Be7 {[%clk 01:01:22]} {[%emt 00:07:16]} 20.
f4 {[%clk 00:57:59]} {[%emt 00:06:19]} f6 {[%clk 00:59:53]} {[%emt 00:02:00]}
21. Bh5 {[%clk 00:48:45]} {[%emt 00:09:44]} Qa4 {[%clk 00:54:30]} {[%emt
00:05:53]} 22. Bd1 {[%clk 00:42:30]} {[%emt 00:06:45]} Qe8 {[%clk 00:53:10]}
{[%emt 00:01:50]} 23. Nf3 {[%clk 00:38:59]} {[%emt 00:04:01]} c5 {[%clk
00:49:58]} {[%emt 00:03:42]} 24. f5 {[%clk 00:33:06]} {[%emt 00:06:22]} Bf7
{[%clk 00:49:49]} {[%emt 00:00:40]} 25. bxc5 {[%clk 00:29:20]} {[%emt
00:04:16]} Qb5 {[%clk 00:35:30]} {[%emt 00:14:49]} 26. Qxb5 {[%clk 00:22:29]}
{[%emt 00:07:21]} axb5 {[%clk 00:35:49]} {[%emt 00:00:10]} 27. Rb1 {[%clk
00:21:32]} {[%emt 00:01:27]} Rxc5 {[%clk 00:35:47]} {[%emt 00:00:33]} 28. Bb3
{[%clk 00:21:39]} {[%emt 00:00:23]} b6 {[%clk 00:25:14]} {[%emt 00:11:03]} 29.
Rfd1 {[%clk 00:18:23]} {[%emt 00:03:46]} Rc6 {[%clk 00:16:04]} {[%emt
00:09:40]} 30. Bxf7+ {[%clk 00:17:39]} {[%emt 00:01:15]} Kxf7 {[%clk 00:16:28]}
{[%emt 00:00:05]} 31. Rxb5 {[%clk 00:17:53]} {[%emt 00:00:16]} Bxa3 {[%clk
00:16:38]} {[%emt 00:00:20]} 32. Ra1 {[%clk 00:16:39]} {[%emt 00:01:44]} Bc5
{[%clk 00:16:23]} {[%emt 00:00:45]} 33. Ra7+ {[%clk 00:13:35]} {[%emt
00:03:34]} Kg8 {[%clk 00:16:41]} {[%emt 00:00:12]} 34. Nd2 {[%clk 00:12:38]}
{[%emt 00:01:27]} Rcc8 {[%clk 00:14:45]} {[%emt 00:02:26]} 35. Rb2 {[%clk
00:08:39]} {[%emt 00:04:29]} Ra8 {[%clk 00:14:45]} {[%emt 00:00:29]} 36. Rba2
{[%clk 00:09:04]} {[%emt 00:00:06]} Rxa7 {[%clk 00:14:48]} {[%emt 00:00:27]} 37.
Rxa7 {[%clk 00:09:29]} {[%emt 00:00:05]} Bb4 {[%clk 00:13:51]} {[%emt
00:01:27]} 38. Nb3 {[%clk 00:08:33]} {[%emt 00:01:26]} Rc8 {[%clk 00:11:55]}
{[%emt 00:02:25]} 39. Kf1 {[%clk 00:08:38]} {[%emt 00:00:25]} Bc5 {[%clk
00:11:04]} {[%emt 00:01:21]} 40. Rd7 {[%clk 00:06:03]} {[%emt 00:03:05]} Kf8
{[%clk 00:05:50]} {[%emt 00:05:45]} 41. Nxd4 {[%clk 00:04:55]} {[%emt
00:01:38]} Ke8 {[%clk 00:06:10]} {[%emt 00:00:10]} 42. Rd5 {[%clk 00:05:19]}
{[%emt 00:00:06]} Ke7 {[%clk 00:04:45]} {[%emt 00:01:54]} 43. Ne6 {[%clk
00:04:11]} {[%emt 00:01:38]} g5 {[%clk 00:03:37]} {[%emt 00:01:38]} 44. Ke2
{[%clk 00:02:52]} {[%emt 00:01:49]} Bg1 {[%clk 00:01:42]} {[%emt 00:02:26]} 45.
d4 {[%clk 00:23:25]} {[%emt 00:09:57]} Rc2+ {[%clk 00:31:01]} {[%emt 00:01:11]}
46. Kd3 {[%clk 00:23:44]} {[%emt 00:00:11]} Rxg2 {[%clk 00:27:42]} {[%emt
00:03:48]} 47. Rb5 {[%clk 00:22:33]} {[%emt 00:01:41]} h5 {[%clk 00:27:56]}
{[%emt 00:00:16]} 48. Rxb6 {[%clk 00:22:34]} {[%emt 00:00:29]} g4 {[%clk
00:28:09]} {[%emt 00:00:17]} 49. hxg4 {[%clk 00:20:47]} {[%emt 00:02:17]} h4
{[%clk 00:27:19]} {[%emt 00:01:21]} 50. Kc4 {[%clk 00:19:38]} {[%emt 00:01:39]}
Rxg4 {[%clk 00:25:34]} {[%emt 00:02:14]} 51. Kd5 {[%clk 00:19:45]} {[%emt
00:00:23]} Kf7 {[%clk 00:23:33]} {[%emt 00:02:31]} 52. Rb8 {[%clk 00:17:30]}
{[%emt 00:02:46]} h3 {[%clk 00:23:25]} {[%emt 00:00:38]} 53. Rh8 {[%clk
00:16:41]} {[%emt 00:01:19]} Rg8 {[%clk 00:20:58]} {[%emt 00:02:56]} 54. Rh7+
{[%clk 00:16:51]} {[%emt 00:00:20]} 1-0

[Event "European Women's Chess Club Cup 2023"]
[Site "Durres, Albania"]
[Date "2023.10.05"]
[Round "5.22"]
[White "Martynkova, Olena"]
[Black "Rakhmangulova, Anastasiya"]
[Result "1/2-1/2"]
[TimeControl "90' + 30' & 30\""]
[WhiteElo "2229"]
[BlackElo "2354"]

1. d4 {[%clk 01:30:53]} {[%emt 00:00:05]} d5 {[%clk 01:30:53]} {[%emt
00:00:07]} 2. Nf3 {[%clk 01:30:56]} {[%emt 00:00:28]} Nf6 {[%clk 01:31:18]}
{[%emt 00:00:05]} 3. c4 {[%clk 01:31:03]} {[%emt 00:00:23]} c6 {[%clk
01:31:44]} {[%emt 00:00:04]} 4. Nc3 {[%clk 01:30:32]} {[%emt 00:01:01]} e6
{[%clk 01:32:02]} {[%emt 00:00:11]} 5. e3 {[%clk 01:30:00]} {[%emt 00:01:02]}
Nbd7 {[%clk 01:32:20]} {[%emt 00:00:12]} 6. Qc2 {[%clk 01:26:49]} {[%emt
00:03:42]} Bd6 {[%clk 01:28:30]} {[%emt 00:04:20]} 7. Bd3 {[%clk 01:26:10]}
{[%emt 00:01:08]} O-O {[%clk 01:28:53]} {[%emt 00:00:08]} 8. O-O {[%clk
01:26:00]} {[%emt 00:00:40]} dxc4 {[%clk 01:28:52]} {[%emt 00:00:30]} 9. Bxc4
{[%clk 01:26:20]} {[%emt 00:00:11]} b5 {[%clk 01:29:05]} {[%emt 00:00:17]} 10.
Be2 {[%clk 01:22:25]} {[%emt 00:04:25]} Bb7 {[%clk 01:29:23]} {[%emt 00:00:12]}
11. Rd1 {[%clk 01:17:36]} {[%emt 00:05:18]} Qe7 {[%clk 01:10:17]} {[%emt
00:19:37]} 12. h3 {[%clk 01:12:03]} {[%emt 00:06:04]} b4 {[%clk 01:00:14]}
{[%emt 00:10:31]} 13. Na4 {[%clk 01:06:14]} {[%emt 00:06:19]} c5 {[%clk
00:59:28]} {[%emt 00:01:16]} 14. dxc5 {[%clk 01:01:56]} {[%emt 00:04:48]} Nxc5
{[%clk 00:57:35]} {[%emt 00:02:23]} 15. Rxd6 {[%clk 00:57:40]} {[%emt
00:04:46]} Nxa4 {[%clk 00:57:52]} {[%emt 00:00:13]} 16. Rd4 {[%clk 00:57:08]}
{[%emt 00:01:02]} Nb6 {[%clk 00:56:04]} {[%emt 00:02:17]} 17. Bd2 {[%clk
00:54:18]} {[%emt 00:03:21]} a5 {[%clk 00:54:19]} {[%emt 00:02:14]} 18. Ne5
{[%clk 00:41:34]} {[%emt 00:13:16]} Rfc8 {[%clk 00:37:41]} {[%emt 00:17:07]} 19.
Qd1 {[%clk 00:40:49]} {[%emt 00:01:15]} Qc7 {[%clk 00:30:11]} {[%emt 00:08:00]}
20. Nc4 {[%clk 00:34:14]} {[%emt 00:07:06]} e5 {[%clk 00:29:09]} {[%emt
00:01:31]} 21. Nxb6 {[%clk 00:33:07]} {[%emt 00:01:36]} Qxb6 {[%clk 00:28:33]}
{[%emt 00:01:07]} 22. Rc4 {[%clk 00:32:45]} {[%emt 00:00:53]} Rd8 {[%clk
00:21:26]} {[%emt 00:07:36]} 23. Bf3 {[%clk 00:28:49]} {[%emt 00:04:26]} e4
{[%clk 00:15:51]} {[%emt 00:06:05]} 24. Be2 {[%clk 00:28:57]} {[%emt 00:00:22]}
Ba6 {[%clk 00:16:16]} {[%emt 00:00:05]} 25. Rc2 {[%clk 00:28:23]} {[%emt
00:01:04]} Bd3 {[%clk 00:16:32]} {[%emt 00:00:15]} 26. Bxd3 {[%clk 00:28:22]}
{[%emt 00:00:31]} Rxd3 {[%clk 00:16:07]} {[%emt 00:00:55]} 27. Qe2 {[%clk
00:25:48]} {[%emt 00:03:04]} Rad8 {[%clk 00:15:39]} {[%emt 00:00:57]} 28. Be1
{[%clk 00:25:14]} {[%emt 00:01:04]} Qe6 {[%clk 00:11:13]} {[%emt 00:04:56]} 29.
Rc5 {[%clk 00:22:05]} {[%emt 00:03:39]} R8d5 {[%clk 00:10:46]} {[%emt
00:00:57]} 30. Rxd5 {[%clk 00:19:13]} {[%emt 00:03:23]} Qxd5 {[%clk 00:10:39]}
{[%emt 00:00:37]} 31. Qc2 {[%clk 00:16:04]} {[%emt 00:03:38]} h5 {[%clk
00:07:14]} {[%emt 00:03:55]} 32. Rc1 {[%clk 00:10:57]} {[%emt 00:05:38]} Nd7
{[%clk 00:07:22]} {[%emt 00:00:21]} 33. b3 {[%clk 00:09:23]} {[%emt 00:02:05]}
Kh7 {[%clk 00:07:16]} {[%emt 00:00:35]} 34. Kf1 {[%clk 00:07:26]} {[%emt
00:02:27]} Qf5 {[%clk 00:05:49]} {[%emt 00:01:57]} 35. Ke2 {[%clk 00:05:45]}
{[%emt 00:02:11]} Qg6 {[%clk 00:04:10]} {[%emt 00:02:09]} 36. Kf1 {[%clk
00:04:28]} {[%emt 00:01:48]} Qf5 {[%clk 00:04:19]} {[%emt 00:00:21]} 37. Ke2
{[%clk 00:04:36]} {[%emt 00:00:21]} Ne5 {[%clk 00:04:40]} {[%emt 00:00:08]} 38.
Qc5 {[%clk 00:02:38]} {[%emt 00:02:29]} Qg5 {[%clk 00:03:55]} {[%emt 00:01:15]}
39. Qxa5 {[%clk 00:01:36]} {[%emt 00:01:32]} Qxg2 {[%clk 00:01:12]} {[%emt
00:03:14]} 40. Qxe5 {[%clk 00:01:55]} {[%emt 00:00:10]} Qf3+ {[%clk 00:01:38]}
{[%emt 00:00:03]} 41. Kf1 {[%clk 00:02:21]} {[%emt 00:00:04]} Qh1+ {[%clk
00:01:57]} {[%emt 00:00:12]} 42. Ke2 {[%clk 00:02:44]} {[%emt 00:00:07]} Qf3+
{[%clk 00:02:23]} {[%emt 00:00:04]} 43. Kf1 {[%clk 00:03:11]} {[%emt 00:00:04]}
Qh1+ {[%clk 00:02:49]} {[%emt 00:00:03]} 44. Ke2 {[%clk 00:03:36]} {[%emt
00:00:04]} 1/2-1/2

[Event "European Women's Chess Club Cup 2023"]
[Site "Durres, Albania"]
[Date "2023.10.05"]
[Round "5.23"]
[White "Demeter, Dorina"]
[Black "Zaksaite, Salomeja"]
[Result "1-0"]
[TimeControl "90' + 30' & 30\""]
[WhiteElo "2115"]
[BlackElo "2217"]

1. Nf3 {[%clk 01:30:54]} {[%emt 00:00:05]} Nf6 {[%clk 01:29:47]} {[%emt
00:01:10]} 2. g3 {[%clk 01:31:14]} {[%emt 00:00:13]} b5 {[%clk 01:27:59]}
{[%emt 00:02:18]} 3. Bg2 {[%clk 01:23:29]} {[%emt 00:08:16]} Bb7 {[%clk
01:26:34]} {[%emt 00:01:55]} 4. d4 {[%clk 01:20:13]} {[%emt 00:03:45]} e6
{[%clk 01:26:32]} {[%emt 00:00:33]} 5. a4 {[%clk 01:19:59]} {[%emt 00:00:43]}
b4 {[%clk 01:16:23]} {[%emt 00:10:40]} 6. Nbd2 {[%clk 01:13:38]} {[%emt
00:06:51]} Be7 {[%clk 01:16:09]} {[%emt 00:00:44]} 7. O-O {[%clk 01:12:21]}
{[%emt 00:01:47]} O-O {[%clk 01:16:32]} {[%emt 00:00:06]} 8. Nb3 {[%clk
01:05:39]} {[%emt 00:07:13]} a5 {[%clk 01:16:15]} {[%emt 00:00:46]} 9. c4
{[%clk 00:59:47]} {[%emt 00:06:23]} d6 {[%clk 01:13:29]} {[%emt 00:03:15]} 10.
Bg5 {[%clk 00:54:58]} {[%emt 00:05:19]} Nbd7 {[%clk 01:13:09]} {[%emt
00:00:50]} 11. Qc2 {[%clk 00:48:02]} {[%emt 00:07:27]} Ne4 {[%clk 01:05:03]}
{[%emt 00:08:36]} 12. Be3 {[%clk 00:40:00]} {[%emt 00:08:32]} Qb8 {[%clk
00:54:29]} {[%emt 00:11:03]} 13. Rfd1 {[%clk 00:34:44]} {[%emt 00:05:46]} f5
{[%clk 00:52:19]} {[%emt 00:02:40]} 14. d5 {[%clk 00:29:45]} {[%emt 00:05:30]}
e5 {[%clk 00:52:30]} {[%emt 00:00:19]} 15. Ne1 {[%clk 00:23:55]} {[%emt
00:06:20]} Nec5 {[%clk 00:50:25]} {[%emt 00:02:35]} 16. Nxc5 {[%clk 00:22:32]}
{[%emt 00:01:53]} Nxc5 {[%clk 00:50:41]} {[%emt 00:00:14]} 17. Bxc5 {[%clk
00:10:59]} {[%emt 00:12:03]} dxc5 {[%clk 00:50:59]} {[%emt 00:00:12]} 18. Nd3
{[%clk 00:11:27]} {[%emt 00:00:02]} Bd6 {[%clk 00:50:51]} {[%emt 00:00:37]} 19.
e4 {[%clk 00:11:36]} {[%emt 00:00:22]} g6 {[%clk 00:48:49]} {[%emt 00:02:31]}
20. Re1 {[%clk 00:10:35]} {[%emt 00:01:33]} Re8 {[%clk 00:44:36]} {[%emt
00:04:41]} 21. Bh3 {[%clk 00:07:48]} {[%emt 00:03:18]} c6 {[%clk 00:41:38]}
{[%emt 00:03:28]} 22. exf5 {[%clk 00:05:01]} {[%emt 00:03:16]} e4 {[%clk
00:39:21]} {[%emt 00:02:47]} 23. fxg6 {[%clk 00:02:16]} {[%emt 00:03:16]} exd3
{[%clk 00:39:09]} {[%emt 00:00:13]} 24. Qxd3 {[%clk 00:02:37]} {[%emt
00:00:09]} cxd5 {[%clk 00:39:00]} {[%emt 00:01:08]} 25. Be6+ {[%clk 00:00:53]}
{[%emt 00:02:13]} Kg7 {[%clk 00:34:30]} {[%emt 00:05:00]} 26. Bxd5 {[%clk
00:00:54]} {[%emt 00:00:30]} Be5 {[%clk 00:34:33]} {[%emt 00:00:26]} 27. gxh7
{[%clk 00:00:33]} {[%emt 00:00:51]} Qd6 {[%clk 00:27:54]} {[%emt 00:07:08]} 28.
Re4 {[%clk 00:00:32]} {[%emt 00:00:33]} Bxd5 {[%clk 00:27:49]} {[%emt
00:00:34]} 29. cxd5 {[%clk 00:00:38]} {[%emt 00:00:25]} Bxb2 {[%clk 00:16:19]}
{[%emt 00:12:00]} 30. h8=Q+ {[%clk 00:00:52]} {[%emt 00:00:15]} Kxh8 {[%clk
00:14:22]} {[%emt 00:02:28]} 31. Rh4+ {[%clk 00:00:35]} {[%emt 00:00:47]} Kg8
{[%clk 00:14:43]} {[%emt 00:00:08]} 32. Qh7+ {[%clk 00:00:35]} {[%emt
00:00:30]} Kf8 {[%clk 00:15:11]} {[%emt 00:00:03]} 33. Rb1 {[%clk 00:00:37]}
{[%emt 00:00:28]} Bg7 {[%clk 00:14:28]} {[%emt 00:01:12]} 34. Rf4+ {[%clk
00:00:53]} {[%emt 00:00:14]} Qxf4 {[%clk 00:12:36]} {[%emt 00:02:23]} 35. gxf4
{[%clk 00:01:22]} {[%emt 00:00:02]} c4 {[%clk 00:11:58]} {[%emt 00:01:07]} 36.
d6 {[%clk 00:00:47]} {[%emt 00:01:05]} c3 {[%clk 00:06:22]} {[%emt 00:06:06]}
37. d7 {[%clk 00:01:16]} {[%emt 00:00:01]} Red8 {[%clk 00:06:38]} {[%emt
00:00:13]} 38. Qf5+ {[%clk 00:01:02]} {[%emt 00:00:44]} Kg8 {[%clk 00:07:05]}
{[%emt 00:00:03]} 39. Re1 {[%clk 00:00:44]} {[%emt 00:00:49]} c2 {[%clk
00:05:02]} {[%emt 00:02:32]} 40. Qxc2 {[%clk 00:00:39]} {[%emt 00:00:35]} Rxd7
{[%clk 00:05:21]} {[%emt 00:00:11]} 41. Qc4+ {[%clk 00:15:50]} {[%emt
00:15:19]} Rf7 {[%clk 00:33:56]} {[%emt 00:01:55]} 42. Re7 {[%clk 00:15:07]}
{[%emt 00:01:13]} Raf8 {[%clk 00:34:23]} {[%emt 00:00:04]} 43. Ra7 {[%clk
00:14:26]} {[%emt 00:01:11]} Bc3 {[%clk 00:24:03]} {[%emt 00:10:49]} 44. Rxa5
{[%clk 00:08:24]} {[%emt 00:06:33]} Kh8 {[%clk 00:20:29]} {[%emt 00:04:04]} 45.
Rh5+ {[%clk 00:08:45]} {[%emt 00:00:09]} Kg7 {[%clk 00:19:43]} {[%emt
00:01:15]} 46. Rg5+ {[%clk 00:07:48]} {[%emt 00:01:27]} Kh8 {[%clk 00:19:45]}
{[%emt 00:00:27]} 47. Qe6 {[%clk 00:07:09]} {[%emt 00:01:10]} Rg7 {[%clk
00:15:49]} {[%emt 00:04:26]} 48. a5 {[%clk 00:02:46]} {[%emt 00:04:54]} Rf6
{[%clk 00:13:01]} {[%emt 00:03:17]} 49. Qc8+ {[%clk 00:02:31]} {[%emt
00:00:45]} Kh7 {[%clk 00:13:26]} {[%emt 00:00:06]} 50. Rxg7+ {[%clk 00:02:12]}
{[%emt 00:00:50]} Kxg7 {[%clk 00:13:52]} {[%emt 00:00:03]} 51. a6 {[%clk
00:02:32]} {[%emt 00:00:10]} Rf7 {[%clk 00:13:34]} {[%emt 00:00:48]} 52. Qc5
{[%clk 00:02:21]} {[%emt 00:00:40]} Rf6 {[%clk 00:09:53]} {[%emt 00:04:11]} 53.
Qe7+ {[%clk 00:02:26]} {[%emt 00:00:26]} Kg6 {[%clk 00:10:08]} {[%emt
00:00:14]} 54. Qxf6+ {[%clk 00:02:16]} {[%emt 00:00:40]} 1-0

[Event "European Women's Chess Club Cup 2023"]
[Site "Durres, Albania"]
[Date "2023.10.05"]
[Round "5.24"]
[White "Kantane, Anna"]
[Black "Aydin, Gulenay"]
[Result "0-1"]
[TimeControl "90' + 30' & 30\""]
[WhiteElo "2260"]
[BlackElo "2143"]

1. e4 {[%clk 01:30:57]} {[%emt 00:00:02]} d6 {[%clk 01:30:45]} {[%emt
00:00:15]} 2. d4 {[%clk 01:31:19]} {[%emt 00:00:09]} Nf6 {[%clk 01:31:03]}
{[%emt 00:00:11]} 3. Nc3 {[%clk 01:31:41]} {[%emt 00:00:08]} e5 {[%clk
01:31:20]} {[%emt 00:00:13]} 4. Nf3 {[%clk 01:30:44]} {[%emt 00:01:28]} Nbd7
{[%clk 01:31:43]} {[%emt 00:00:07]} 5. Bc4 {[%clk 01:31:00]} {[%emt 00:00:14]}
Be7 {[%clk 01:32:01]} {[%emt 00:00:10]} 6. O-O {[%clk 01:31:11]} {[%emt
00:00:20]} O-O {[%clk 01:32:25]} {[%emt 00:00:06]} 7. Re1 {[%clk 01:31:37]}
{[%emt 00:00:05]} c6 {[%clk 01:32:44]} {[%emt 00:00:10]} 8. a4 {[%clk
01:32:00]} {[%emt 00:00:08]} h6 {[%clk 01:33:02]} {[%emt 00:00:12]} 9. a5
{[%clk 01:32:20]} {[%emt 00:00:10]} Re8 {[%clk 01:33:20]} {[%emt 00:00:11]} 10.
h3 {[%clk 01:32:07]} {[%emt 00:00:43]} Qc7 {[%clk 01:33:04]} {[%emt 00:00:46]}
11. Nh4 {[%clk 01:14:24]} {[%emt 00:18:13]} Nf8 {[%clk 01:24:46]} {[%emt
00:08:48]} 12. dxe5 {[%clk 01:07:42]} {[%emt 00:07:13]} dxe5 {[%clk 01:25:12]}
{[%emt 00:00:02]} 13. Qf3 {[%clk 01:04:27]} {[%emt 00:03:47]} Be6 {[%clk
01:23:53]} {[%emt 00:01:48]} 14. Bd3 {[%clk 00:59:54]} {[%emt 00:05:03]} b5
{[%clk 01:19:08]} {[%emt 00:05:15]} 15. Ne2 {[%clk 00:40:38]} {[%emt 00:19:46]}
Ng6 {[%clk 01:08:25]} {[%emt 00:11:13]} 16. Nxg6 {[%clk 00:34:56]} {[%emt
00:06:13]} fxg6 {[%clk 01:08:52]} {[%emt 00:00:02]} 17. Qg3 {[%clk 00:34:56]}
{[%emt 00:00:31]} Kh7 {[%clk 01:02:28]} {[%emt 00:06:53]} 18. f4 {[%clk
00:30:37]} {[%emt 00:04:49]} Nh5 {[%clk 00:54:07]} {[%emt 00:08:51]} 19. Qf3
{[%clk 00:29:55]} {[%emt 00:01:12]} exf4 {[%clk 00:47:11]} {[%emt 00:07:26]} 20.
e5 {[%clk 00:24:25]} {[%emt 00:06:00]} Bc5+ {[%clk 00:30:51]} {[%emt 00:16:49]}
21. Kh2 {[%clk 00:23:22]} {[%emt 00:01:33]} Bc4 {[%clk 00:28:40]} {[%emt
00:02:42]} 22. Nxf4 {[%clk 00:16:57]} {[%emt 00:06:55]} Nxf4 {[%clk 00:26:43]}
{[%emt 00:02:26]} 23. Bxf4 {[%clk 00:17:16]} {[%emt 00:00:12]} Bxd3 {[%clk
00:26:30]} {[%emt 00:00:43]} 24. Qxd3 {[%clk 00:12:54]} {[%emt 00:04:52]} Bb4
{[%clk 00:24:31]} {[%emt 00:02:29]} 25. c3 {[%clk 00:12:51]} {[%emt 00:00:33]}
Bxa5 {[%clk 00:24:23]} {[%emt 00:00:38]} 26. h4 {[%clk 00:07:53]} {[%emt
00:05:28]} Bb6 {[%clk 00:21:49]} {[%emt 00:03:04]} 27. h5 {[%clk 00:07:13]}
{[%emt 00:01:10]} Re6 {[%clk 00:20:54]} {[%emt 00:01:25]} 28. hxg6+ {[%clk
00:06:31]} {[%emt 00:01:13]} Rxg6 {[%clk 00:21:18]} {[%emt 00:00:05]} 29. Qe4
{[%clk 00:05:34]} {[%emt 00:01:27]} Re8 {[%clk 00:20:20]} {[%emt 00:01:28]} 30.
Rad1 {[%clk 00:05:17]} {[%emt 00:00:48]} Ree6 {[%clk 00:15:30]} {[%emt
00:05:20]} 31. Rd3 {[%clk 00:02:20]} {[%emt 00:03:27]} Qe7 {[%clk 00:15:28]}
{[%emt 00:00:31]} 32. Red1 {[%clk 00:01:57]} {[%emt 00:00:53]} Bc7 {[%clk
00:06:40]} {[%emt 00:09:18]} 33. Rg3 {[%clk 00:00:39]} {[%emt 00:01:49]} Qh4+
{[%clk 00:04:57]} {[%emt 00:02:12]} 34. Rh3 {[%clk 00:01:08]} {[%emt 00:00:02]}
Qxf4+ {[%clk 00:04:36]} {[%emt 00:00:50]} 35. Qxf4 {[%clk 00:01:37]} {[%emt
00:00:02]} Bxe5 {[%clk 00:05:05]} {[%emt 00:00:01]} 36. Qxe5 {[%clk 00:01:17]}
{[%emt 00:00:49]} Rxe5 {[%clk 00:05:33]} {[%emt 00:00:02]} 37. Ra1 {[%clk
00:01:20]} {[%emt 00:00:27]} Re2 {[%clk 00:05:52]} {[%emt 00:00:11]} 38. Rg3
{[%clk 00:01:44]} {[%emt 00:00:06]} Rxg3 {[%clk 00:06:04]} {[%emt 00:00:18]} 39.
Kxg3 {[%clk 00:02:12]} {[%emt 00:00:02]} Rxb2 {[%clk 00:06:26]} {[%emt
00:00:08]} 40. Rxa7 {[%clk 00:02:11]} {[%emt 00:00:31]} Rb3 {[%clk 00:06:50]}
{[%emt 00:00:06]} 41. Kf4 {[%clk 00:01:47]} {[%emt 00:00:54]} Rxc3 {[%clk
00:07:13]} {[%emt 00:00:06]} 42. Rb7 {[%clk 00:01:38]} {[%emt 00:00:39]} Rc4+
{[%clk 00:07:09]} {[%emt 00:00:35]} 43. Kf5 {[%clk 00:01:29]} {[%emt 00:00:40]}
b4 {[%clk 00:07:11]} {[%emt 00:00:27]} 44. Ke6 {[%clk 00:01:13]} {[%emt
00:00:46]} c5 {[%clk 00:07:22]} {[%emt 00:00:19]} 0-1